Descriptive statistics
| Main Author: | |
|---|---|
| Format: | Book |
| Published: |
New Delhi :
Anuradha Publications ,
2007
|
| Subjects: |
MARC
| LEADER | 00000cam a2200000 7i4500 | ||
|---|---|---|---|
| 001 | 0000038989 | ||
| 005 | 20131204.0 | ||
| 008 | 131204 | ||
| 020 | |a 8184720013 | ||
| 090 | 0 | 0 | |a 150.15195 |b SUR |
| 100 | 1 | |a Surguna Mary, G | |
| 245 | 1 | 0 | |a Descriptive statistics |c Sr. (Dr). G. Surguna Mary |
| 260 | |a New Delhi : |b Anuradha Publications , |c 2007 | ||
| 650 | 0 | |a Research |x Methodology |x Social sciences | |
| 999 | |a 0001257129 |b Book |c Adult Collection |e Perbadanan Perpustakaan Awam Johor | ||